LEADER 01466nam 2200397Ka 450 001 9910697302403321 005 20240812220732.0 035 $a(CKB)5470000002387913 035 $a(OCoLC)244175523 035 $a(EXLCZ)995470000002387913 100 $a20080820d2008 ua 0 101 0 $aeng 181 $ctxt$2rdacontent 182 $cc$2rdamedia 183 $acr$2rdacarrier 200 10$aGuide to general server security $erecommendations of the National Institute of Standards and Technology /$fKaren Scarfone ; Wayne Jansen ; Miles Tracy 210 1$aGaithersburg, Md. :$cU.S. Dept. of Commerce, National Institute of Standards and Technology,$d[2008] 215 $a53 unnumbered pages $cdigital, PDF file 225 1 $aNIST special publication ;$v800-123.$aComputer security 300 $aTitle from title screen (viewed Aug. 20, 2008). 300 $a"July 2008." 517 $aGuide to general server security 606 $aClient/server computing$xSecurity measures 606 $aComputer security 615 0$aClient/server computing$xSecurity measures. 615 0$aComputer security. 700 $aScarfone$b Karen$01764277 701 $aJansen$b Wayne A$01381292 701 $aTracy$b Miles$01381573 712 02$aNational Institute of Standards and Technology (U.S.) 801 0$bGPO 801 1$bGPO 906 $aBOOK 912 $a9910697302403321 996 $aGuide to general server security$94205826 997 $aUNINA LEADER 07154nam 22006855 450 001 9910558487803321 005 20251113191753.0 010 $a3-030-99200-4 024 7 $a10.1007/978-3-030-99200-2 035 $a(MiAaPQ)EBC6946356 035 $a(Au-PeEL)EBL6946356 035 $a(CKB)21469056400041 035 $a(PPN)262168693 035 $a(OCoLC)1309132331 035 $a(DE-He213)978-3-030-99200-2 035 $a(EXLCZ)9921469056400041 100 $a20220404d2022 u| 0 101 0 $aeng 135 $aurcnu|||||||| 181 $ctxt$2rdacontent 182 $cc$2rdamedia 183 $acr$2rdacarrier 200 10$aCommunications and Networking $e16th EAI International Conference, ChinaCom 2021, Virtual Event, November 21-22, 2021, Proceedings /$fedited by Honghao Gao, Jun Wun, Jianwei Yin, Feifei Shen, Yulong Shen, Jun Yu 205 $a1st ed. 2022. 210 1$aCham :$cSpringer International Publishing :$cImprint: Springer,$d2022. 215 $a1 online resource (569 pages) 225 1 $aLecture Notes of the Institute for Computer Sciences, Social Informatics and Telecommunications Engineering,$x1867-822X ;$v433 300 $aIncludes index. 311 08$aPrint version: Gao, Honghao Communications and Networking Cham : Springer International Publishing AG,c2022 9783030991999 327 $aData Intensive Services based Application (DISA) Workshop -- Research on Airborne Wireless Sensor Network Based on Wi-Fi Technology -- Millimeter Wave Hybrid Precoding Based on Deep Learning -- Open-Set Recognition Algorithm of Signal Modulation Based on Siamese Neural Network -- Accurate Frequency Estimator of Real Sinusoid Based on Maximum Sidelobe Decay -- Transfer Learning Based Algorithm for Service Deployment Under Microservice Architecture -- Scheduling and Transmission Optimization in Edge Computing 6 Joint Opportunistic Satellite Scheduling and Beamforming for Secure Transmission in Cognitive LEO Satellite Terrestrial Networks -- GAN-SNR-Shrinkage-Based Network for Modulation Recognition with Small Training Sample Size -- Joint Resource Allocation Based on F-OFDM for Integrated Communication and Positioning System -- UAV formation using a dynamic task assignment algorithm with cooperative comb -- Complex System Optimization in Edge Computing -- Research and Implementation of Multi-Agent UAV System Simulation Platform Based on JADE -- A Complex Neural Network Adaptive Beamforming for Multi-Channel Speech Enhancement in Time Domain -- Robust Transmission Design for IRS-Aided MISO Network with Reflection Coefficient Mismatch -- Network Communication Enhancement -- Distributed Deep Reinforcement Learning Based Mode Selection and Resource Allocation for VR Transmission in Edge Networks -- Joint Optimization of D2D-enabled Heterogeneous Network Based on Delay and Reliability Constraints -- Channel Allocation for Medical Extra-WBAN Communications in Hybrid LiFi-WiFi Networks -- Cache Allocation Scheme in Information-Centric Satellite-Terrestrial Integrated Networks -- Signal Processing and Communication Optimization 17 Resource Allocation in Massive Non-Orthogonal Multiple Access System -- HEVC Rate Control Optimization Algorithm Based on Video Characteristics -- Performance Analysis of Radar Communication Shared Signal Based on OFDM -- Joint Power Allocation and Passive BeamformingDesign for IRS-Assisted Cell-free Networks -- Deep Learning and Vehicular Communication -- A Beam Tracking Scheme Based on Deep Reinforcement Learning for Multiple Vehicles -- Dynamic Transmission Design via Deep Multi-Task Learning for Supporting Multiple Applications in Vehicular Networks -- ub-Carrier Spacing Detection Algorithm in 5G New Radio Systems -- Handover Mechanism in the Internet of Vehicles Based on Named Data Networking -- Edge Computing and Deep Learning -- Selective Modulation and Cooperative Jamming for Secure Communication in Untrusted Relay Systems -- Deep CSI Feedback for FDD MIMO Systems -- Joint Computation Offloading and Wireless Resource Allocation in Vehicular Edge Computing Networks -- Non-Coherent Receiver Enhancement Based on Sequence Combination -- MCAD-Net: Multi-scale Coordinate Attention Dense Network for Single Image Deraining -- Finite Blocklength and Distributed Machine Learning -- 6G mURLLC Over Cell-free Massive MIMO Systems in the Finite Blocklength Regime.-Cloud-edge Collaboration based Data Mining for Power Distribution Networks -- Robust Sound Event Detection by a Two-stage Network in the presence of Background Noise -- Deep Learning and Network Performance Optimization -- Routing and Resource Allocation for Service Function Chain in Service-Oriented Network -- Service-aware Virtual Network Function Migration Based on Deep Reinforcement Learning -- Dual-channel Speech Enhancement Using Neural Network Adaptive Beamforming -- Edge Computing and Reinforcement Learning -- Fog-based Data Offloading in UWSNs with Discounted RewardsffiA contextual bandit -- Deep Deterministic Policy Gradient Algorithm for Space/Aerial-Assisted Computation Offloading -- Aerial Intelligent Reflecting Surface for Secure MISO Communication Systems. 330 $aThis proceedings constitutes the refereed proceedings of the 16th International Conference on Communications and Networking, ChinaCom 2021, held in November 2021. Due to COVID-19 pandemic the conference was held virtually. The 47 full papers and 5 workshop papers presented were carefully selected from 130 submissions. The papers are organized in topical sections on Scheduling and Transmission Optimization in Edge Computing; Complex System Optimization in Edge Computing; Network Communication Enhancement; Signal Processing and Communication Optimization; Deep Learning and Vehicular Communication; Edge Computing and Deep Learning; Finite Blocklength and Distributed Machine Learning; Deep Learning and Network Performance Optimization; Edge Computing and Reinforcement Learning. 410 0$aLecture Notes of the Institute for Computer Sciences, Social Informatics and Telecommunications Engineering,$x1867-822X ;$v433 606 $aComputer networks 606 $aComputer engineering 606 $aData structures (Computer science) 606 $aInformation theory 606 $aComputer science$xMathematics 606 $aComputer Communication Networks 606 $aComputer Engineering and Networks 606 $aData Structures and Information Theory 606 $aMathematics of Computing 615 0$aComputer networks. 615 0$aComputer engineering. 615 0$aData structures (Computer science) 615 0$aInformation theory. 615 0$aComputer science$xMathematics. 615 14$aComputer Communication Networks. 615 24$aComputer Engineering and Networks. 615 24$aData Structures and Information Theory. 615 24$aMathematics of Computing. 676 $a004.6 676 $a004.6 702 $aGao$b Honghao 801 0$bMiAaPQ 801 1$bMiAaPQ 801 2$bMiAaPQ 906 $aBOOK 912 $a9910558487803321 996 $aCommunications and Networking$92102240 997 $aUNINA